000 01328nam a2200349 a 4500
001 ebr10555829
003 CaPaEBR
006 m u
007 cr cn|||||||||
008 120419s2012 kyu sb 001 0 eng d
010 _z 2012014988
020 _z9780813136004 (hardcover alk. paper)
020 _z9780813136011 (pdf)
020 _z9780813140308 (epub)
020 _z9780813136011 (e-book)
040 _aCaPaEBR
_cCaPaEBR
035 _a(OCoLC)799999016
043 _an-us-ky
050 1 4 _aGR110.K4
_bH36 2012eb
082 0 4 _a398.209769
_223
100 1 _aHamilton, Mary,
_d1952-
245 1 0 _aKentucky folktales
_h[electronic resource] :
_brevealing stories, truths, and outright lies /
_cMary Hamilton.
260 _aLexington, Ky. :
_bUniversity Press of Kentucky,
_cc2012.
300 _a219 p.
504 _aIncludes bibliographical references and index.
533 _aElectronic reproduction.
_bPalo Alto, Calif. :
_cebrary,
_d2011.
_nAvailable via World Wide Web.
_nAccess may be limited to ebrary affiliated libraries.
650 0 _aTales
_zKentucky.
650 0 _aStorytelling
_zKentucky.
655 7 _aElectronic books.
_2local
710 2 _aebrary, Inc.
856 4 0 _uhttp://site.ebrary.com/lib/rucke/Doc?id=10555829
_zAn electronic book accessible through the World Wide Web; click to view
999 _c89269
_d89269